Ngày và hôm - giống nhau và khác nhau về ý nghĩa /

Đã lưu trong:
Sonraí Bibleagrafaíochta
Príomhúdar: Lê Thị Lệ Thanh.
Údair Eile: .
Formáid: Bài viết
Teanga:Vietnamese
Clibeanna: Cuir Clib Leis
Gan Chlibeanna, Bí ar an gcéad duine leis an taifead seo a chlibeáil!
Thư viện lưu trữ: Thư viện Trường Đại học Đà Lạt
LEADER 00719nam a2200241 4500
001 DLU120141994
005 ##20121008
040 # # |a DLU  |b vie 
041 # # |a vie 
044 # # |a vn 
100 # # |a Lê Thị Lệ Thanh. 
245 # # |a Ngày và hôm - giống nhau và khác nhau về ý nghĩa /  |c Lê Thị Lệ Thanh. 
700 # # |a . 
773 # # |t Hội thảo Quốc tế Ngôn ngữ học Liên Á lần thứ VI   |g , 2005, tr. 507-518 
920 # # |a Phòng Tạp chí -- Trung tâm Thông tin - Thư viện Trường Đại học Đà Lạt 
994 # # |a DLU 
900 # # |a True 
911 # # |a Nguyễn Thị Mai Anh 
925 # # |a G 
926 # # |a A 
927 # # |a BB 
980 # # |a Thư viện Trường Đại học Đà Lạt